000 00437nam a2200181Ia 4500
001 4246
005 20260306145741.0
008 260306t2010||||xx |||||||||||||| ||spa||
041 _aESP
082 _a320.092
_bS83 2010
100 _aStrauss, Leo (comp.)
_eAUT
245 0 _aHistoria de la filosofía política
260 _c2010
300 _a904 páginas :
_c24 cm.
650 _aGEN
654 _aCDE
942 _cLIB
_dJUS
_fJUS
_2ddc
_n
999 _c4246
_d4246